Open Data Biblioteca Nacional de Portugal


República Portuguesa: Ministério da Cultura
Biblioteca Nacional de Portugal

Catálogo da BNP: acesso por Identificadores Unívocos
Registos Bibliográficos associados ao registo de autoridade

Etiqueta de registo: 00647cam 2200229 450
001 1044121
003 http://id.bnportugal.gov.pt/bib/catbnp/1044121
005 20010313135200.0
010 ## $a972-98210-3-8
021 ## $aPT$b151991/00
100 ## $a20010110d2000 m y0pory0103 ba
101 0# $apor
102 ## $aPT
105 ## $aa z 001gy
106 ## $ar
200 1# $a A minha aldeia e seus encantos$fAdão Tavares
210 #9 $a[S.l.$cs.n.],$d2000$eCoimbra :$gGráf. de Coimbra)
215 ## $a156, [3] p.$cil.$d23 cm
675 ## $a821.134.3-1"19"$vBN$zpor$3288131
700 #1 $aTavares,$bAdão$3975074
966 ## $lBN$mFGMON$sL. 66888 V.$x1
966 ## $lBN$mFGMON$sL. 66888 V.$x1

Etiqueta de registo: 00604cam 2200217 450
001 1044955
003 http://id.bnportugal.gov.pt/bib/catbnp/1044955
005 20011217175500.0
021 ## $aPT$b152760/00
100 ## $a20010118d2000 m y0pory0103 ba
101 0# $apor
102 ## $aPT
105 ## $ay z 001gy
106 ## $ar
200 1# $aPoesia a cinco vozes$fAda Tavares... [et al.]
210 #9 $a[S.l.$cs.n.],$d2000$eLisboa :$gGráfica 2000)
215 ## $a80 p.$d21 cm
675 ## $a821.134.3-1"19"$vBN$zpor$3288131
701 #1 $aTavares,$bAdão$4070$3975074
966 ## $lBN$mFGMON$sL. 67216 V.$x1
966 ## $lBN$mFGMON$sL. 67216 V.$x1

Etiqueta de registo: 00000nam 2200025 450
001 1989832
003 http://id.bnportugal.gov.pt/bib/catbnp/1989832
010 ## $a978-989-20-4958-8
021 ## $aPT$b392816/15
100 ## $a20180510d2015 e d0pory01030103ba
101 0# $apor
102 ## $aPT
105 ## $aa z 000fy
106 ## $ar
200 1# $aContos do Vale$ftextos adapt. Adão Tavares... [et al.]$gil. Ana Vieira... [et al.]
205 ## $a2ª ed
210 #9 $aVale de Cambra$cMunicípio de Vale de Cambra,$d2015
215 ## $a76, [2] p.$cmuito il.$d26 cm
675 ## $a821.134.3-343"20"$vBN$zpor$31291760
675 ## $a398.2(=1:469.321)"19/20"$vBN$zpor$31713720
702 #1 $aTavares,$bAdão$4010$3975074
702 #1 $98$aVieira,$bAna$4440$31713591
801 #0 $aPT$bBN$gRPC
856 41 $uhttp://rnod.bnportugal.gov.pt/ImagesBN/winlibimg.aspx?skey=&doc=1989832&img=109554&save=true
900 ## $aBIBNAC$d20180604
966 ## $lBN$mFGMON$sL. 143993 V.$x1
966 ## $lBN$mFGMON$sL. 143993 V.-D$x1

OpendataBNP@bnportugal.pt | Mais informação sobre acesso aos dados BNP